00527nam a2200157Ia 450000500170000000800410001708200130005810000170007124500400008826000480012830000130017650000600018994200060024995200990025599900150035420250322130507.0240331s9999 xx 000 0 und d bMANa894 aManoharan, T 0aIlankaiyil thamil ilakkiya valarchi aKalaivani Book CentrebJaffna & Kandyc1997 a225 p ., aA book Ilaththu illakkiya kalai varalarinai patriyathu cL 001040708LaWERCLbWERCLcSSCd2024-03-31l0o 894.811 MANp2567r2024-03-31w2024-03-31yL c4162d4162